<?xml version="1.0" encoding="UTF-8"?>
<resp>
  <nextPage>https://data.bn.org.pl/api/networks/bibs.marcxml?marc=001+b00001150002001&amp;sinceId=1150002002</nextPage>
  <collection>
    <record xmlns='http://www.loc.gov/MARC21/slim'><leader>01566nam a2200469 i 4500</leader><controlfield tag='001'>b00001150002001</controlfield><controlfield tag='005'>20260411092427.3</controlfield><controlfield tag='008'>230609s        pl           |000 0 pol c</controlfield><controlfield tag='009'>9913261788605606</controlfield><datafield ind1=' ' ind2=' ' tag='020'><subfield code='a'>8373377735</subfield></datafield><datafield ind1=' ' ind2=' ' tag='035'><subfield code='a'>KR_1KR_1_20120317233318079949-48omnis_kr</subfield></datafield><datafield ind1=' ' ind2=' ' tag='035'><subfield code='a'>KR_1_20120317233318079949</subfield><subfield code='9'>ExL</subfield></datafield><datafield ind1=' ' ind2=' ' tag='035'><subfield code='a'>(PL)b00001150002001</subfield></datafield><datafield ind1=' ' ind2=' ' tag='040'><subfield code='a'>KR_1</subfield><subfield code='c'>KR_1</subfield><subfield code='d'>WA N</subfield></datafield><datafield ind1='1' ind2=' ' tag='041'><subfield code='a'>pol</subfield><subfield code='h'>eng</subfield></datafield><datafield ind1=' ' ind2=' ' tag='044'><subfield code='a'>16121</subfield></datafield><datafield ind1=' ' ind2=' ' tag='080'><subfield code='a'>821.111-3</subfield></datafield><datafield ind1='1' ind2=' ' tag='100'><subfield code='a'>Westmacott, Mary</subfield><subfield code='d'>(1890-1976)</subfield></datafield><datafield ind1='1' ind2='0' tag='245'><subfield code='a'>Niedokończony portret /</subfield><subfield code='c'>Mary Westmacott czyli Agatha Christie ; przeł. Bogumiła Malarecka.</subfield></datafield><datafield ind1=' ' ind2=' ' tag='260'><subfield code='a'>W-wa :</subfield><subfield code='b'>Prószyński i S-ka,</subfield><subfield code='c'>[2002].</subfield></datafield><datafield ind1=' ' ind2=' ' tag='300'><subfield code='a'>264 s. ;</subfield><subfield code='c'>21 cm.</subfield></datafield><datafield ind1='1' ind2=' ' tag='490'><subfield code='a'>Biblioteczka &quot;Pod Różą&quot;</subfield></datafield><datafield ind1=' ' ind2=' ' tag='500'><subfield code='a'>p</subfield></datafield><datafield ind1=' ' ind2='9' tag='650'><subfield code='a'>Powieść angielska</subfield><subfield code='y'>20 w.</subfield></datafield><datafield ind1='1' ind2=' ' tag='700'><subfield code='a'>Malarecka, Bogumiła</subfield><subfield code='e'>Tł.</subfield></datafield><datafield ind1='2' ind2=' ' tag='710'><subfield code='a'>Prószyński i S-ka</subfield><subfield code='4'>pbl</subfield></datafield><datafield ind1=' ' ind2=' ' tag='852'><subfield code='8'>224884680007772</subfield><subfield code='j'>1</subfield><subfield code='b'>MBP</subfield><subfield code='p'>300100367000</subfield><subfield code='c'>MBPWYPO-M1</subfield></datafield><datafield ind1=' ' ind2=' ' tag='852'><subfield code='8'>2214613770007907</subfield><subfield code='j'>0</subfield><subfield code='b'>OPO_4_2</subfield><subfield code='p'>12642</subfield><subfield code='c'>FR</subfield></datafield><datafield ind1=' ' ind2=' ' tag='852'><subfield code='8'>22742259290008413</subfield><subfield code='j'>1</subfield><subfield code='b'>001WD</subfield><subfield code='p'>00101-000148950</subfield><subfield code='c'>WD</subfield></datafield><datafield ind1=' ' ind2=' ' tag='852'><subfield code='8'>22742259310008413</subfield><subfield code='j'>1</subfield><subfield code='b'>001F</subfield><subfield code='p'>00101-003014185</subfield><subfield code='c'>F</subfield></datafield><datafield ind1=' ' ind2=' ' tag='852'><subfield code='b'>48OMNIS_ZDU</subfield><subfield code='8'>991000002829707772</subfield></datafield><datafield ind1=' ' ind2=' ' tag='852'><subfield code='b'>48OMNIS_OPO</subfield><subfield code='8'>9954324107907</subfield></datafield><datafield ind1=' ' ind2=' ' tag='852'><subfield code='b'>48OMNIS_BOL</subfield><subfield code='8'>990005251770308413</subfield></datafield><datafield ind1=' ' ind2=' ' tag='852'><subfield code='b'>48OMNIS_NETWORK</subfield><subfield code='8'>9913261788605606</subfield></datafield><datafield ind1=' ' ind2=' ' tag='920'><subfield code='a'>83-7337-773-5</subfield></datafield></record>
  </collection>
</resp>
